000
00503nam a2200181Ia 4500
008
090123s9999 xx 000 0 und d
082
_b
37633
100
_a
साने मेघना
245
_a
फोटोसेशन
250
_a
1
260
_b
अनघा प्रकाशन
_c
2004
300
_a
96
600
_a
साने मेघना
630
_a
फोटोसेशन
700
_a
साने मेघना
730
_a
फोटोसेशन
942
_c
BOOK
999
_c
75700
_d
75700